निदान पनचक / (Record no. 119999)
[ view plain ]
| 000 -LEADER | |
|---|---|
| fixed length control field | 01140nam a22002657a 4500 |
| 005 - DATE AND TIME OF LATEST TRANSACTION | |
| control field | 20170124103151.0 |
| 010 ## - LIBRARY OF CONGRESS CONTROL NUMBER | |
| LC control number | A-346481 |
| 020 ## - INTERNATIONAL STANDARD BOOK NUMBER | |
| Terms of availability | 25.00 |
| 035 ## - SYSTEM CONTROL NUMBER | |
| System control number | A-346481 |
| 037 ## - SOURCE OF ACQUISITION | |
| Source of stock number/acquisition | Cen Lib/Ret |
| 040 ## - CATALOGING SOURCE | |
| Original cataloging agency | DPL |
| Language of cataloging | HN |
| 082 ## - DEWEY DECIMAL CLASSIFICATION NUMBER | |
| Classification number | 615.52 |
| Item number | ध्यानी |
| 100 ## - MAIN ENTRY--PERSONAL NAME | |
| Personal name | ध्यानी, शिवचरण |
| 9 (RLIN) | 88039 |
| 245 ## - TITLE STATEMENT | |
| Title | निदान पनचक / |
| Statement of responsibility, etc | शिवचरण ध्यानी |
| 246 ## - VARYING FORM OF TITLE | |
| Title proper/short title | Nidan panchak |
| Remainder of title | by Shivcharan Dhyani |
| 260 ## - PUBLICATION, DISTRIBUTION, ETC. (IMPRINT) | |
| Place of publication, distribution, etc | वाराणसी |
| Name of publisher, distributor, etc | चौखम्बा सुरभारती प्रकाशन |
| Date of publication, distribution, etc | 1987 |
| 270 ## - ADDRESS | |
| Address | के -37/117, गोपाल मंदिर |
| City | वाराणसी |
| Postal code | 221001 |
| 300 ## - PHYSICAL DESCRIPTION | |
| Extent | 92पृष्ठ. |
| Dimensions | 21सेमी(सजिल्द) |
| 490 ## - SERIES STATEMENT | |
| Series statement | चौखम्बा आयुर्विज्ञान ग्रन्थमाला - 20 |
| 650 ## - SUBJECT ADDED ENTRY--TOPICAL TERM | |
| Topical term or geographic name as entry element | स्वास्थ्य विज्ञान |
| 9 (RLIN) | 88040 |
| 650 ## - SUBJECT ADDED ENTRY--TOPICAL TERM | |
| Topical term or geographic name as entry element | निदान के कार्य |
| 9 (RLIN) | 1726 |
| 650 ## - SUBJECT ADDED ENTRY--TOPICAL TERM | |
| Topical term or geographic name as entry element | Health-science |
| 9 (RLIN) | 16285 |
| 650 ## - SUBJECT ADDED ENTRY--TOPICAL TERM | |
| Topical term or geographic name as entry element | Diagnostic Work |
| 9 (RLIN) | 88041 |
| 942 ## - ADDED ENTRY ELEMENTS (KOHA) | |
| Source of classification or shelving scheme | Dewey Decimal Classification |
| Koha item type | Hindi Books |
| Classification part | 615.52 |
| Call number suffix | ध्यानी |
| Withdrawn status | Lost status | Damaged status | Not for loan | Home library | Current library | Date acquired | Source of acquisition | Cost, normal purchase price | Total Checkouts | Full call number | Barcode | Date last seen | Copy number | Cost, replacement price | Price effective from | Koha item type |
|---|---|---|---|---|---|---|---|---|---|---|---|---|---|---|---|---|
| Central Library | Central Library | 19/09/2015 | Cen Lib/Ret | 25.00 | 615.52 ध्यानी | A-346481 | 19/09/2015 | 1 | 25.00 | 19/09/2015 | Hindi Books |
